[Event "BAN-chT2"]
[Site "Dhaka"]
[Date "2022.07.25"]
[Round "8.2"]
[White "Md Rabiul, Hossain"]
[Black "Md Homaun, Kabir"]
[Result "1-0"]
[WhiteElo "1702"]
[BlackElo "1746"]
[PlyCount "63"]
[EventDate "2022.07.18"]
[EventType "team-swiss"]
[EventRounds "9"]
[EventCountry "BAN"]
[SourceTitle "EXT 2023"]
[Source "ChessBase"]
[SourceDate "2022.10.05"]
[SourceVersion "1"]
[SourceVersionDate "2022.10.05"]
[SourceQuality "1"]
[WhiteTeam "Desh Seba Krira Chakra"]
[BlackTeam "Afroze Chess World"]
[WhiteTeamCountry "BAN"]
[BlackTeamCountry "BAN"]

1. e4 e5 2. Nf3 d6 3. Bc4 Be7 4. d4 Nd7 5. dxe5 Nxe5 6. Nxe5 dxe5 7. Qd5 g6 8. Qxe5 Nf6 9. Bh6 Rg8 10. Qb5+ c6 11. Qb3 Bc5 12. Bxf7+ Ke7 13. e5 Bxf2+ 14. Kf1 Qd1+ 15. Kxf2 Qd4+ 16. Be3 Ng4+ 17. Ke2 Nxe3 18. Qxe3 Bg4+ 19. Kf2 Qxe3+ 20. Kxe3 Kxf7 21. Na3 Ke6 22. h3 Bf5 23. g4 Kxe5 24. gxf5 gxf5 25. Kf3 b5 26. Rad1 Rad8 27. Rhe1+ Kf6 28. c3 Rxd1 29. Rxd1 Rf8 30. Nc2 a5 31. Rd7 h5 32. Kf4 1-0

[Event "BAN-chT2"]
[Site "Dhaka"]
[Date "2022.07.24"]
[Round "7.2"]
[White "Md, Asadujjaman"]
[Black "Md Rabiul, Hossain"]
[Result "1-0"]
[WhiteElo "1728"]
[BlackElo "1702"]
[PlyCount "51"]
[EventDate "2022.07.18"]
[EventType "team-swiss"]
[EventRounds "9"]
[EventCountry "BAN"]
[SourceTitle "EXT 2023"]
[Source "ChessBase"]
[SourceDate "2022.10.05"]
[SourceVersion "1"]
[SourceVersionDate "2022.10.05"]
[SourceQuality "1"]
[WhiteTeam "Bangladesh Police Prime"]
[BlackTeam "Desh Seba Krira Chakra"]
[WhiteTeamCountry "BAN"]
[BlackTeamCountry "BAN"]

1. e4 Nc6 2. Nc3 Nf6 3. f4 e5 4. fxe5 Nxe5 5. d4 Ng6 6. e5 Ng8 7. Nf3 Bb4 8. Bc4 d5 9. exd6 Qxd6 10. 0-0 Bxc3 11. bxc3 Nf6 12. a4 Qc6 13. Bb5 0-0 14. Bxc6 bxc6 15. c4 Be6 16. Qd3 Rad8 17. Ba3 Rfe8 18. g3 Bh3 19. Rfe1 h6 20. Rxe8+ Rxe8 21. Re1 Rd8 22. Be7 Nxe7 23. Rxe7 Rb8 24. Nd2 Rb2 25. Re1 Rb8 26. Ne4 1-0